LEADER 01057nam a2200241 i 4500 001 991000721229707536 008 100507s1915 it ita d 035 $ab13901060-39ule_inst 040 $aDip.to Studi Giuridici$bita 082 0 $a347.45 100 1 $aBaldi, Cesare$03042 245 13$aLe prove civili :$bmanuale pratico-alfabetico sulla loro ammissibilità e sul loro valore probatorio per ragione di materia secondo la legge, la dottrina e la giurisprudenza /$cCesare Baldi 250 $a2. ed. int. rif. con indice alfabetico-analitico 260 $aTorino :$bUnione Tipografico-Editrice Torinese,$c1915 300 $aVIII, 917 p. ;$c24 cm. 650 4$aProva in materia civile$xManuale pratico$xAlfabeto 650 04$aDiritto civile 907 $a.b13901060$b02-04-14$c07-05-10 912 $a991000721229707536 945 $aLE027 F/A II E BAL01.01$g1$i2027000302734$lle027$og$pE20.00$q-$rn$s- $t0$u0$v0$w0$x0$y.i15124733$z07-05-10 996 $aProve civili$9227451 997 $aUNISALENTO 998 $ale027$b07-05-10$cm$da $e-$fita$git $h3$i0 LEADER 00953cam a2200241 i 4500 001 991001142729707536 008 050711s2003 nyu a 001 0 eng d 020 $a0500051143 035 $ab13326946-39ule_inst 040 $aDip.to Beni Culturali$bita 100 1 $aRenfrew, Colin,$d1937-$0164593 245 10$aFiguring it out :$bwhat are we? Where do we come from? The parallel vision of artists and archaeologists /$cColin Renfrew. 260 $aNew York, NY :$bThames & Hudson,$cc2003. 300 $a224 p. :$bill. ;$c26 cm. 504 $aContiene bibliografia: pp. 210-218 650 4$aArcheologia e antropologia 650 4$aArte$ySec. XX 907 $a.b13326946$b21-09-06$c11-07-05 912 $a991001142729707536 945 $aLE001 AR I 119 4º$g1$i2001000151011$lle001$op$pE80.00$q-$rl$s- $t0$u0$v0$w0$x0$y.i14104775$z11-07-05 996 $aFiguring it out$91105191 997 $aUNISALENTO 998 $ale001$b11-07-05$cm$da $e-$feng$gnyu$h0$i0